BIBLIOTHÈQUE DE LA MAISON DU MEXIQUE

Logo 1 Logo 2

Breve historia de la Revolución Mexicana (notice nᵒ 10220)

détails MARC
000 -Sello discográfico
campo de control de longitud fija 00931nam a2200301 4500
005 - Identificación de versión
campo de control 20251017062858.0
010 ## - Número Estándar Internacional de Libros (ISBN)
Número (ISBN) 968-16-0589-6 (v.1)
010 ## - Número Estándar Internacional de Libros (ISBN)
Número (ISBN) 968-16-0588-8 (v.2)
035 ## - Otros números de control del sistema
Número de control del sistema 15666
099 ## - fechas locales
Tipo de ítem Koha LIBRO
100 ## - Datos de procesamiento general
Datos de procesamiento general 20031218d19801960m y1spay5003 ba
101 ## - Idioma del recurso
Idioma del texto, banda sonora, etc. Español; Castellano
105 ## - Campo de datos codificados: Material textual, monográfico
Datos codificados de monografía a 001zy
200 1# - Título y mención de responsabilidad
Título propio Breve historia de la Revolución Mexicana
Designación general del material texto impreso
Primer mención de responsabilidad Jesús Silva Herzog
205 ## - Declaración de edición
Declaración de edición 2a ed
210 ## - Publicación, distribución, etc.
Lugar de publicación, distribución, etc. México
Nombre del editor, distribuidor, etc. Fondo de Cultura Económica
Fecha de publicación, distribución, etc. 1980
215 ## - Descripción física
Designación de material específico y extensión del ítem 2 v
Otras características físicas il.
Dimensiones 17 cm
327 ## - Nota de contenidos
Texto de la nota v.1: Los antecedentes y la etapa maderista. v.2: La etapa constitucionalista y la lucha de facciones
345 ## - Nota de información de adquisición
Fuente de adquisición/dirección de la suscripción [OBSOLETO] Donación
410 #1 - Series
Título Colección Popular
Número de volumen 17.1-17.2
607 ## - Nombre geográfico utilizado como tema
Elemento de entrada México
Subdivisión temática Historia
Subdivisión cronológica Revolución, 1910-
Número Koha 1664
660 ## - Código de área geográfica
Código MX
700 ## - Nombre personal - Responsabilidad primaria
Elemento de entrada Silva Herzog
Parte del nombre distinta del elemento de entrada Jesús
Fechas 1892-1985
Número Koha 525
801 #0 - Fuente de origen
País FR
Agencia cm
Reglas de catalogación (convenciones descriptivas) AFNOR
942 ## - ELEMENTOS DE ENTRADA SECUNDARIOS (KOHA)
Tipo de ítem Koha Livre
Exemplaires
Estatus retirado Estado de daño Estado de pérdida Fecha de adquisición Biblioteca de origen Biblioteca actual Ubicación en estantería Código de barras Precio de reemplazo Signatura topográfica completa No para préstamo Tipo de ítem Koha Nota pública Nota no pública
      05/08/2025 Casa México Paris Casa México Paris   001619 05/08/2025 082.97 C882 V.17.1   Livre 20120201LIV 751145101
      05/08/2025 Casa México Paris Casa México Paris   001620 05/08/2025 082.97 C882 V.17.2   Livre 20210827LIV 751145101